000 00397nam a2200145 4500
999 _c8168
_d8168
003 OSt
005 20200807170458.0
008 200807b ||||| |||| 00| 0 eng d
020 _a9781568988856
082 _a693.8
_bMEI
100 _aMeisel, Ari,
_d 1982-
245 _a LEED materials : a resource guide to green building
260 _aNew York
_bPrenceton Architectural press
_c2010
942 _2ddc